000 01104nam a2200325 i 4500
003 EG-GICUC
005 20260211081851.0
008 260211s1905 fr ||fr|||| 001 0 fre d
040 _aEG-GiCUC
_bfre
_cEG-GiCUC
_dEG-GiCUC
_eRda
041 0 _afre
082 0 4 _221
_a341.84
_bDE . E
092 0 4 _221
099 _aLaw1 12 341.84 DE . E 1905
100 1 _a De Vabres, H. Donnedieu
_eAuteur
245 1 2 _aL'évolution De La Jurisprudence Francaise En Matterk De Conflit Des Lois /
_cH. Donnedieu De Vabres.
264 1 _aParis :
_bArthur Rousseau,
_c1905.
300 _a 644 page,
_c24 cm.
_billustration ;
336 _2rda contenu
_a texte
337 _2rda medias
_aOrdinateur
338 _2 transporteur rda
_a Ressource en ligne
504 _aComprend des références bibliographiques et un index.
546 _aTexte en français
650 1 4 _aConflit de lois
650 1 4 _aDroit international privé
_2
651 1 _2
700 1 _aLoussouarn, Yvon
_ePréfacier
856 4 0 _uhttps://fll.law.cu.edu.eg/fulltext/bks/B12-02365.pdf
905 _a79
942 _2ddc
_cBK
_e21
_n0
999 _c62531
_d62531